000 nam a22 7a 4500
999 _c52367
_d52367
003 OSt
005 20220622095526.0
008 220622b xxu||||| |||| 00| 0 eng d
040 _cIIMT UNIVERSITY MEERUT
100 _aKAPOOR. J.K.
245 _aDARAV KI SAMARTH
260 _bBHARAT BHARTI
300 _a459
942 _2ddc
_c09